[Event "Junior Online 4NCL Division 2"]
[Site "online"]
[Date "2020.05.28"]
[Round "7.43"]
[White "Moore, Eoin"]
[Black "McBrinn, Conall"]
[Result "0-1"]
[WhiteElo "1735"]
[BlackElo "1667"]
[PlyCount "74"]
[EventDate "2020.05.28"]
[WhiteTeam "KJCA Young Kestrels B"]
[BlackTeam "Hammersmith 1"]

1. d4 Nf6 2. c4 e6 3. Nc3 Bb4 4. Qc2 c5 5. dxc5 Bxc5 6. Bg5 Bxf2+ 7. Kd1 Bc5 8.
Ne4 Be7 9. Bxf6 Bxf6 10. Nd6+ Kf8 11. Nf3 Qc7 12. Nxc8 Qxc8 13. e4 Nc6 14. Be2
Qc7 15. Qd2 Qa5 16. Qxa5 Nxa5 17. Kc2 Rc8 18. e5 Be7 19. b3 Nc6 20. Rhd1 Nb4+
21. Kc3 d5 22. exd6 Bf6+ 23. Nd4 Nc6 24. Bf3 Nxd4 25. Rxd4 Bxd4+ 26. Kxd4 b6
27. b4 a5 28. b5 Rc5 29. Bc6 f6 30. Re1 e5+ 31. Ke4 Kf7 32. Bd5+ Ke8 33. Kf5
Kd7 34. Bc6+ Kd8 35. Rc1 Rf8 36. Ke6 f5 37. d7 Rf6# 0-1

[Event "Junior Online 4NCL Division 2"]
[Site "online"]
[Date "2020.05.28"]
[Round "7.44"]
[White "Aserkoff, Daniel"]
[Black "Dorman, Orla"]
[Result "1/2-1/2"]
[WhiteElo "1562"]
[BlackElo "1660"]
[PlyCount "109"]
[EventDate "2020.05.28"]
[WhiteTeam "Hammersmith 1"]
[BlackTeam "KJCA Young Kestrels B"]

1. e4 e6 2. d4 d5 3. exd5 exd5 4. Bd3 Nf6 5. Nf3 Bd6 6. O-O O-O 7. Bg5 Be6 8.
Nbd2 Nbd7 9. Re1 c6 10. c3 Qb6 11. Qc2 h6 12. Be3 Ng4 13. Qb3 Qxb3 14. axb3
Nxe3 15. Rxe3 Nf6 16. c4 Rfe8 17. c5 Bf4 18. Re2 Bg4 19. Rxe8+ Rxe8 20. h3 Bxf3
21. Nxf3 a6 22. Re1 Rxe1+ 23. Nxe1 Bc1 24. Nf3 Bxb2 25. Kf1 Ne8 26. Ke2 Nc7 27.
Ke3 Ne6 28. Bf5 Kf8 29. Bxe6 fxe6 30. Ne5 Ke7 31. Kd3 a5 32. Nf3 Bc1 33. Kc3
Bf4 34. g3 Bc7 35. Ne5 Bxe5 36. dxe5 Kd7 37. Kd4 Kc7 38. f4 b6 39. g4 b5 40. f5
exf5 41. gxf5 Kd7 42. e6+ Ke7 43. Kc3 a4 44. bxa4 bxa4 45. Kb4 d4 46. Kxa4 Kf6
47. Kb3 g6 48. e7 Kxe7 49. fxg6 Kf6 50. Kc4 Kxg6 51. Kxd4 Kf6 52. Ke4 Ke6 53.
h4 h5 54. Kf4 Kd5 55. Kg5 1/2-1/2

[Event "Junior Online 4NCL Division 2"]
[Site "online"]
[Date "2020.05.28"]
[Round "7.45"]
[White "Auchi, Nadhmi"]
[Black "Merriman, James"]
[Result "1/2-1/2"]
[WhiteElo "1922"]
[BlackElo "1967"]
[PlyCount "137"]
[EventDate "2020.05.28"]
[WhiteTeam "Hammersmith 1"]
[BlackTeam "KJCA Young Kestrels B"]

1. e4 e6 2. d4 d5 3. Nd2 Be7 4. Ngf3 Nf6 5. e5 Nfd7 6. Bd3 c5 7. c3 Nc6 8. O-O
cxd4 9. cxd4 Qb6 10. Nb3 a5 11. a4 Nb4 12. Bb5 O-O 13. Re1 f6 14. exf6 Nxf6 15.
Bf4 Ne4 16. Bg3 Nxg3 17. hxg3 Nc6 18. Rc1 Bf6 19. Bxc6 bxc6 20. Qc2 Rb8 21. Nc5
Re8 22. b3 Qb4 23. Qc3 Qxc3 24. Rxc3 Rb4 25. Rd3 Re7 26. g4 h6 27. Ne5 Bxe5 28.
Rxe5 Kf8 29. Rde3 Rxd4 30. Nxe6+ Bxe6 31. Rxe6 Rxe6 32. Rxe6 Rd1+ 33. Kh2 c5
34. Rc6 Rc1 35. Ra6 d4 36. Rd6 Rc3 37. Rd5 Ke7 38. f4 Rxb3 39. Rxc5 d3 40. Rxa5
Kd6 41. Ra8 Kc5 42. Rd8 Kc4 43. Kg1 Kc3 44. Kf2 Kd2 45. a5 Ra3 46. Rd5 Ra2 47.
Kf3 Ra1 48. Ke4 Ra3 49. a6 Ke2 50. a7 d2 51. Rd3 d1=Q 52. Rxa3 Qc2+ 53. Kd5
Qd2+ 54. Kc6 Qc1+ 55. Kb7 Qxa3 56. a8=Q Qxa8+ 57. Kxa8 Kf2 58. g5 hxg5 59. fxg5
Kg3 60. Kb7 Kg4 61. g6 Kg5 62. Kc6 Kxg6 63. Kd5 Kf5 64. Kd4 Kf4 65. Kd3 Kg3 66.
Ke4 g5 67. Kf5 g4 68. Kg5 Kxg2 69. Kxg4 1/2-1/2

[Event "Junior Online 4NCL Division 2"]
[Site "online"]
[Date "2020.05.28"]
[Round "7.46"]
[White "Bansal, Saahil"]
[Black "Esiri, Jack"]
[Result "1-0"]
[WhiteElo "1915"]
[BlackElo "1765"]
[PlyCount "29"]
[EventDate "2020.05.28"]
[WhiteTeam "KJCA Young Kestrels B"]
[BlackTeam "Hammersmith 1"]

1. d4 Nf6 2. c4 c5 3. Nf3 g6 4. Nc3 cxd4 5. Nxd4 Bg7 6. g3 Qa5 7. Bg2 Qb6 8.
Nb3 O-O 9. c5 Qc7 10. Bf4 e5 11. Nb5 Qd8 12. Bxe5 Nc6 13. Bc7 Qe8 14. Bd6 Qe6
15. Nc7 1-0

[Event "Junior Online 4NCL Division 2"]
[Site "online"]
[Date "2020.05.28"]
[Round "7.47"]
[White "McBrinn, Conall"]
[Black "Moore, Eoin"]
[Result "0-1"]
[WhiteElo "1667"]
[BlackElo "1735"]
[PlyCount "94"]
[EventDate "2020.05.28"]
[WhiteTeam "Hammersmith 1"]
[BlackTeam "KJCA Young Kestrels B"]

1. d4 Nf6 2. c4 g6 3. Nc3 d5 4. c5 Bg7 5. e3 O-O 6. Nf3 b6 7. b4 a5 8. Ba3 axb4
9. Bxb4 Nc6 10. a3 Ba6 11. Bxa6 Rxa6 12. O-O Nxb4 13. axb4 Qa8 14. Rxa6 Qxa6
15. Qa1 Ra8 16. Qxa6 Rxa6 17. Rb1 c6 18. Ne5 b5 19. h3 Ne4 20. Nxe4 dxe4 21.
Nd7 Ra8 22. Nb6 Ra6 23. Nc8 e5 24. dxe5 Bxe5 25. Nb6 f5 26. Rd1 Kf7 27. g3 Ra1
28. Rxa1 Bxa1 29. Nd7 Ke6 30. Nf8+ Kf7 31. Nxh7 Bc3 32. Ng5+ Kf6 33. Nh7+ Kg7
34. Ng5 Bxb4 35. Kg2 Kf6 36. Nh7+ Ke5 37. Nf8 g5 38. Nd7+ Ke6 39. Nf8+ Kf7 40.
Nd7 Ke7 41. Ne5 Bxc5 42. Nxc6+ Kd6 43. Na5 b4 44. h4 gxh4 45. gxh4 Ke5 46. Kg3
Kf6 47. Kf4 Bd6# 0-1

[Event "Junior Online 4NCL Division 2"]
[Site "online"]
[Date "2020.05.28"]
[Round "7.48"]
[White "Dorman, Orla"]
[Black "Aserkoff, Daniel"]
[Result "1-0"]
[WhiteElo "1660"]
[BlackElo "1562"]
[PlyCount "25"]
[EventDate "2020.05.28"]
[WhiteTeam "KJCA Young Kestrels B"]
[BlackTeam "Hammersmith 1"]

1. e4 e5 2. Nf3 Nc6 3. Bc4 Nf6 4. d4 exd4 5. e5 d5 6. Bb5 Nd7 7. O-O Bc5 8.
Bxc6 bxc6 9. Nxd4 Bxd4 10. Qxd4 O-O 11. Nd2 Nb6 12. Nf3 Bg4 13. Qxg4 1-0

[Event "Junior Online 4NCL Division 2"]
[Site "online"]
[Date "2020.05.28"]
[Round "7.51"]
[White "Murawski, Jan"]
[Black "Shek, Daniel"]
[Result "0-1"]
[WhiteElo "1630"]
[BlackElo "1727"]
[PlyCount "122"]
[EventDate "2020.05.28"]
[WhiteTeam "Ojays C"]
[BlackTeam "Marshall Artists"]

1. d4 Nf6 2. c4 c5 3. d5 e6 4. Nc3 exd5 5. Nxd5 Nxd5 6. Qxd5 Qf6 7. Nf3 Qe6 8.
Qxe6+ dxe6 9. Bf4 Nc6 10. e3 Be7 11. Be2 O-O 12. O-O Bf6 13. Bd6 Rd8 14. Bxc5
Bxb2 15. Rab1 Bf6 16. Rbd1 b6 17. Rxd8+ Bxd8 18. Bd4 Nxd4 19. Nxd4 Bb7 20. Bf3
Bxf3 21. Nxf3 Rc8 22. Rc1 f6 23. Nd4 e5 24. Ne6 Kf7 25. Nxd8+ Rxd8 26. Kf1 Rd2
27. a4 Ra2 28. c5 bxc5 29. Rxc5 Rxa4 30. Ke2 Ra2+ 31. Kf3 a5 32. g4 a4 33. g5
a3 34. gxf6 gxf6 35. Rc7+ Kg6 36. Ra7 Ra1 37. h4 h6 38. Kg2 Kh5 39. Ra6 a2 40.
Kh2 Kxh4 41. Ra4+ Kg5 42. Kg2 h5 43. Kh2 f5 44. Kg2 e4 45. Ra8 h4 46. Kh2 Kg4
47. Rg8+ Kf3 48. Ra8 Kxf2 49. Ra5 Kxe3 50. Kg2 f4 51. Ra3+ Kd4 52. Kh2 e3 53.
Ra4+ Ke5 54. Ra5+ Ke4 55. Ra4+ Kf3 56. Ra3 Kf2 57. Ra4 f3 58. Ra3 e2 59. Kh3
e1=Q 60. Rxf3+ Kxf3 61. Kh2 Qg3# 0-1

[Event "Junior Online 4NCL Division 2"]
[Site "online"]
[Date "2020.05.28"]
[Round "7.52"]
[White "Deacon, Matthew"]
[Black "Beneat, Frederick"]
[Result "1-0"]
[WhiteElo "1660"]
[BlackElo "1592"]
[PlyCount "65"]
[EventDate "2020.05.28"]
[WhiteTeam "Marshall Artists"]
[BlackTeam "Ojays C"]

1. d4 e6 2. c4 d5 3. Nc3 Nf6 4. cxd5 exd5 5. Bg5 Be7 6. e3 O-O 7. Bd3 Be6 8.
Qc2 h6 9. Bh4 Nbd7 10. Nge2 Ng4 11. Bxe7 Qxe7 12. Nf4 Ngf6 13. Nxe6 fxe6 14.
O-O e5 15. dxe5 Qxe5 16. Ne2 Ng4 17. Ng3 Rf7 18. Be2 Ngf6 19. Rac1 c6 20. h3
Raf8 21. Qc3 Qxc3 22. Rxc3 Ne4 23. Nxe4 dxe4 24. Bc4 Ne5 25. Bxf7+ Rxf7 26. Rd1
Nd3 27. Rc2 g5 28. a3 Kg7 29. f3 Ne5 30. fxe4 Re7 31. Rcd2 g4 32. hxg4 Nxg4 33.
Rd7 1-0

[Event "Junior Online 4NCL Division 2"]
[Site "online"]
[Date "2020.05.28"]
[Round "7.53"]
[White "Macabenta, Kei"]
[Black "Blin, Henri"]
[Result "1-0"]
[WhiteElo "1532"]
[BlackElo "1232"]
[PlyCount "23"]
[EventDate "2020.05.28"]
[WhiteTeam "Ojays C"]
[BlackTeam "Marshall Artists"]

1. e4 e5 2. Nf3 Nc6 3. Bc4 Bc5 4. O-O d6 5. d4 Nxd4 6. Ng5 Nf6 7. Nxf7 Qe7 8.
Nxh8 Be6 9. Bxe6 Nxe6 10. Nc3 O-O-O 11. Nd5 Rxh8 12. Nxe7+ 1-0

[Event "Junior Online 4NCL Division 2"]
[Site "online"]
[Date "2020.05.28"]
[Round "7.54"]
[White "Blin, Sophia"]
[Black "Domingo, Marco"]
[Result "1/2-1/2"]
[WhiteElo "1292"]
[BlackElo "1547"]
[PlyCount "203"]
[EventDate "2020.05.28"]
[WhiteTeam "Marshall Artists"]
[BlackTeam "Ojays C"]

1. e4 e5 2. Nf3 Nc6 3. d4 exd4 4. Nxd4 Nxd4 5. Qxd4 Qh4 6. Nc3 Nf6 7. Be3 Be7
8. e5 Qxd4 9. Bxd4 Ng4 10. h3 Nh6 11. Bc4 Nf5 12. Rd1 Nxd4 13. Rxd4 Bc5 14. Rd1
d6 15. exd6 Bxd6 16. O-O O-O 17. Rfe1 Bf5 18. Bd3 Bxd3 19. Rxd3 Bb4 20. a3 Ba5
21. b4 Bb6 22. Nd5 Rad8 23. Nxb6 Rxd3 24. cxd3 axb6 25. Re7 Rc8 26. d4 Kf8 27.
Re5 f6 28. Re3 Rd8 29. Rd3 Rc8 30. Kf1 Rd8 31. Ke2 Ke7 32. Ke3 Ke6 33. Ke4 f5+
34. Ke3 h6 35. Rc3 Kd6 36. Kf4 g6 37. Rg3 Rg8 38. h4 Kd5 39. Ke3 c5 40. bxc5
bxc5 41. dxc5 Kxc5 42. Kf4 Kd5 43. Rb3 Kc6 44. g4 fxg4 45. Kxg4 g5 46. hxg5
Rxg5+ 47. Kf3 b5 48. Rc3+ Kd5 49. Ke3 Rh5 50. Ke2 Rh4 51. Rd3+ Kc4 52. f3 Rh2+
53. Ke3 Rh3 54. Rd4+ Kc5 55. Ke4 Rxf3 56. Rd5+ Kc6 57. Rxb5 Rxa3 58. Rh5 Ra4+
59. Kf5 Ra5+ 60. Kg6 Ra6 61. Rxh6 Kd7+ 62. Kg5 Ra5+ 63. Kg6 Ke7 64. Rh7+ Kf8
65. Rf7+ Kg8 66. Rg7+ Kf8 67. Rf7+ Ke8 68. Rf6 Rb5 69. Re6+ Kd7 70. Rf6 Ke7 71.
Kg7 Rg5+ 72. Rg6 Ra5 73. Rg3 Kd8 74. Rd3+ Ke8 75. Re3+ Kd8 76. Rd3+ Kc7 77.
Rc3+ Kb7 78. Rb3+ Ka6 79. Rg3 Ra1 80. Rg6+ Kb7 81. Rg5 Ra7 82. Kf6 Ra6+ 83. Kf5
Kc7 84. Rg7+ Kd8 85. Rg8+ Ke7 86. Rg7+ Kf8 87. Rg5 Ra5+ 88. Kf4 Ra4+ 89. Kf5
Kf7 90. Rg2 Ra5+ 91. Kg4 Kf6 92. Rf2+ Kg6 93. Rf4 Rg5+ 94. Kf3 Ra5 95. Ke4 Kg5
96. Rf7 Ra4+ 97. Ke5 Ra5+ 98. Kd6 Ra6+ 99. Ke7 Kg6 100. Rf3 Ra7+ 101. Kd6 Ra6+
102. Kd5 1/2-1/2

[Event "Junior Online 4NCL Division 2"]
[Site "online"]
[Date "2020.05.28"]
[Round "7.55"]
[White "Shek, Daniel"]
[Black "Murawski, Jan"]
[Result "0-1"]
[WhiteElo "1727"]
[BlackElo "1630"]
[PlyCount "80"]
[EventDate "2020.05.28"]
[WhiteTeam "Marshall Artists"]
[BlackTeam "Ojays C"]

1. d4 Nf6 2. Bf4 c5 3. e3 Qb6 4. Qc1 cxd4 5. exd4 Qxd4 6. Be3 Qb4+ 7. c3 Qa5 8.
Nf3 e6 9. Be2 Be7 10. O-O O-O 11. Nbd2 Nd5 12. Nb3 Qc7 13. Bd3 Nxe3 14. Qxe3
Nc6 15. Nbd4 Nxd4 16. Qxd4 Bf6 17. Qe4 g6 18. h4 Bg7 19. h5 f5 20. Qh4 Bf6 21.
Qh3 g5 22. Qh2 Qxh2+ 23. Nxh2 g4 24. Rfe1 b6 25. Rad1 Bb7 26. Bb5 d5 27. Rxe6
d4 28. cxd4 Rad8 29. Bc4 Bd5 30. Bxd5 Rxd5 31. Rc6 Rxd4 32. Rxd4 Bxd4 33. b3 g3
34. Nf1 Bxf2+ 35. Kh1 Re8 36. Rc1 Re4 37. Rc4 Re1 38. Rc8+ Kf7 39. Rc7+ Ke8 40.
Rc8+ Kd7 0-1

[Event "Junior Online 4NCL Division 2"]
[Site "online"]
[Date "2020.05.28"]
[Round "7.56"]
[White "Beneat, Frederick"]
[Black "Deacon, Matthew"]
[Result "1-0"]
[WhiteElo "1592"]
[BlackElo "1660"]
[PlyCount "145"]
[EventDate "2020.05.28"]
[WhiteTeam "Ojays C"]
[BlackTeam "Marshall Artists"]

1. c4 c5 2. e3 g6 3. Nf3 Bg7 4. d4 cxd4 5. exd4 d6 6. Nc3 Nc6 7. Be3 Bd7 8. Bd3
Nf6 9. O-O O-O 10. Re1 Bg4 11. Be2 Rc8 12. Nd2 Bxe2 13. Qxe2 e6 14. Nf3 Na5 15.
b3 b6 16. Rad1 Nb7 17. Bg5 Qd7 18. Bxf6 Bxf6 19. d5 Bxc3 20. dxe6 Qe7 21. exf7+
Qxf7 22. Rf1 Bg7 23. Ng5 Qe8 24. Qg4 h6 25. Ne6 Rf5 26. Nxg7 Kxg7 27. Rd3 Rg5
28. Qf3 Qf7 29. Qe3 Re8 30. Qd4+ Qf6 31. Qxf6+ Kxf6 32. Rd4 Ree5 33. f4 Ref5
34. fxg5+ Kxg5 35. Rxf5+ Kxf5 36. Rd5+ Ke6 37. Kf2 Nc5 38. Ke3 b5 39. Rd2 bxc4
40. bxc4 a5 41. Kf4 a4 42. Re2+ Kf7 43. Kg4 Kf8 44. Rf2+ Ke7 45. Rb2 Kf6 46.
Rb6 Ke5 47. Kf3 h5 48. Ke3 g5 49. Rb8 Kf5 50. Kd4 Ke6 51. Rh8 h4 52. Rg8 Kf5
53. Kd5 Nd3 54. Kxd6 Nb4 55. Ra8 Nxa2 56. Rxa4 Nc3 57. Ra5+ Kf4 58. Ke6 Ne4 59.
c5 Ke3 60. c6 Kf2 61. c7 Kxg2 62. c8=Q Kxh2 63. Qc2+ Kh3 64. Qxe4 g4 65. Ra3+
g3 66. Qf5+ Kh2 67. Ra2+ g2 68. Qf4+ Kh1 69. Qf5 Kg1 70. Qg4 h3 71. Qxh3 Kf1
72. Qxg2+ Ke1 73. Qe2# 1-0

[Event "Junior Online 4NCL Division 2"]
[Site "online"]
[Date "2020.05.28"]
[Round "7.57"]
[White "Blin, Henri"]
[Black "Macabenta, Kei"]
[Result "1/2-1/2"]
[WhiteElo "1232"]
[BlackElo "1532"]
[PlyCount "154"]
[EventDate "2020.05.28"]
[WhiteTeam "Marshall Artists"]
[BlackTeam "Ojays C"]

1. e4 e5 2. Nf3 d6 3. Bc4 Nc6 4. Nc3 Bg4 5. d3 Nd4 6. Be3 Nxf3+ 7. gxf3 Bd7 8.
Qd2 Nf6 9. O-O-O Be7 10. f4 Bg4 11. Rde1 Bf3 12. Rhg1 Ng4 13. Rg3 Nxe3 14. Qxe3
exf4 15. Qxf4 Bh5 16. Rxg7 Rf8 17. Rxh7 Bg5 18. Qxg5 Qxg5+ 19. Kb1 O-O-O 20. a3
Bg6 21. Rh3 Qg4 22. Rg3 Qh4 23. h3 Qf4 24. Rf1 Qe5 25. Rd1 Bh5 26. d4 Qxg3 27.
fxg3 Bxd1 28. Nxd1 Rg8 29. g4 Rh8 30. Bxf7 Rxh3 31. Ka2 Rg3 32. Nc3 Kb8 33. g5
Rxg5 34. Bc4 c6 35. Bd3 Kc7 36. Kb3 b6 37. d5 Rb8 38. dxc6 Kxc6 39. Nd5 Rxd5
40. exd5+ Kxd5 41. c4+ Kc5 42. Kc3 d5 43. cxd5 Kxd5 44. Bc4+ Kc5 45. b4+ Kd6
46. b5 Rc8 47. Kb4 Ke5 48. a4 Kd4 49. Bb3 Rc5 50. Bd1 Rc4+ 51. Ka3 Rc3+ 52. Ka2
Rd3 53. Bc2 Rd2 54. Kb3 Kc5 55. Bg6 Rg2 56. Bc2 Rg3+ 57. Kb2 Kb4 58. Ka2 Ra3+
59. Kb2 Rxa4 60. Bxa4 Kxa4 61. Kc3 Kxb5 62. Kb3 a5 63. Ka3 Kc4 64. Ka4 b5+ 65.
Ka3 b4+ 66. Ka2 Kc3 67. Kb1 a4 68. Ka1 b3 69. Kb1 a3 70. Ka1 Kb4 71. Kb1 a2+
72. Kb2 Kc4 73. Ka1 Kd3 74. Kb2 Kc4 75. Ka1 Kb4 76. Kb2 Ka4 77. Ka1 Ka3 1/2-1/2

[Event "Junior Online 4NCL Division 2"]
[Site "online"]
[Date "2020.05.28"]
[Round "7.58"]
[White "Domingo, Marco"]
[Black "Blin, Sophia"]
[Result "1-0"]
[WhiteElo "1547"]
[BlackElo "1292"]
[PlyCount "47"]
[EventDate "2020.05.28"]
[WhiteTeam "Ojays C"]
[BlackTeam "Marshall Artists"]

1. e4 e5 2. f4 f6 3. Nf3 Nc6 4. Bc4 Bc5 5. c3 Bb6 6. d4 exd4 7. cxd4 d6 8. Nc3
Bg4 9. O-O Bxd4+ 10. Kh1 Bxf3 11. Qxf3 Bxc3 12. Qxc3 Nge7 13. Re1 d5 14. exd5
Nb8 15. Bb5+ Nd7 16. Bxd7+ Qxd7 17. Qb3 O-O-O 18. Bd2 Nxd5 19. Red1 Nb6 20. Ba5
Qc6 21. f5 Qc4 22. Bxb6 Qxb3 23. axb3 axb6 24. Ra8# 1-0

[Event "Junior Online 4NCL Division 2"]
[Site "online"]
[Date "2020.05.28"]
[Round "7.61"]
[White "Petkov, Anton"]
[Black "Collins, Adam"]
[Result "1/2-1/2"]
[WhiteElo "1793"]
[BlackElo "1760"]
[PlyCount "131"]
[EventDate "2020.05.28"]
[WhiteTeam "TSK Tigers A"]
[BlackTeam "A6 and Chill"]

1. e4 c6 2. d4 d5 3. exd5 cxd5 4. c4 Nf6 5. Nc3 Nc6 6. Bg5 e6 7. Nf3 dxc4 8.
Bxc4 Be7 9. O-O O-O 10. a3 b6 11. Ne5 Nxd4 12. Be3 Nf5 13. Qf3 Bd7 14. Rfd1
Nxe3 15. Qxe3 Qc7 16. Nxd7 Nxd7 17. Bxe6 Nc5 18. Ba2 Bf6 19. Nd5 Qe5 20. Nxf6+
Qxf6 21. b4 Rfe8 22. Qd4 Ne4 23. Qxf6 Nxf6 24. Re1 g6 25. Rac1 Kg7 26. h3 Rxe1+
27. Rxe1 Re8 28. Rc1 Re7 29. Bb3 Nh5 30. g3 Nf6 31. Kg2 Ne4 32. Re1 Kf6 33. g4
h6 34. f4 g5 35. Bd5 Nc3 36. Rxe7 Kxe7 37. Bb3 gxf4 38. Kf3 Nb1 39. Kxf4 Nxa3
40. Kf5 Nb5 41. Ke5 f6+ 42. Kd5 a5 43. bxa5 bxa5 44. Kc5 Nc3 45. Kd4 Ne2+ 46.
Ke3 Nc3 47. Kd4 Nb5+ 48. Kc5 Nd6 49. Kb6 Ne4 50. h4 Nf2 51. g5 fxg5 52. hxg5
hxg5 53. Kxa5 Kd6 54. Kb4 Ke5 55. Kc3 Kf4 56. Be6 Ne4+ 57. Kc2 Ng3 58. Kd2 Nf5
59. Bd5 g4 60. Ke2 Nd4+ 61. Kf2 Nf3 62. Ba8 g3+ 63. Kg2 Ne1+ 64. Kf1 Nd3 65.
Kg2 Nf2 66. Bb7 1/2-1/2

[Event "Junior Online 4NCL Division 2"]
[Site "online"]
[Date "2020.05.28"]
[Round "7.62"]
[White "O'cuilleanain, Oisin"]
[Black "Wu, Yuxuan"]
[Result "0-1"]
[WhiteElo "1660"]
[BlackElo "1523"]
[PlyCount "46"]
[EventDate "2020.05.28"]
[WhiteTeam "A6 and Chill"]
[BlackTeam "TSK Tigers A"]

1. e4 c5 2. Nf3 d6 3. d4 cxd4 4. Nxd4 Nf6 5. Nc3 a6 6. Bg5 e6 7. f4 Be7 8. Qf3
Qc7 9. O-O-O b5 10. e5 Bb7 11. Qg3 dxe5 12. fxe5 Nd5 13. Nxd5 Bxg5+ 14. Qxg5
Bxd5 15. Qxg7 Rf8 16. Kb1 Nc6 17. Nxc6 Qxc6 18. Qxh7 Be4 19. Qh5 Bxc2+ 20. Ka1
Bxd1 21. Qxd1 Rd8 22. Qe1 Qc2 23. Be2 Rd2 0-1

[Event "Junior Online 4NCL Division 2"]
[Site "online"]
[Date "2020.05.28"]
[Round "7.63"]
[White "Swamy, Anshul"]
[Black "Avetisyan, Gagik"]
[Result "0-1"]
[WhiteElo "1472"]
[BlackElo "1553"]
[PlyCount "56"]
[EventDate "2020.05.28"]
[WhiteTeam "TSK Tigers A"]
[BlackTeam "A6 and Chill"]

1. e4 e6 2. d4 d5 3. e5 c5 4. c3 Nc6 5. Nf3 Qb6 6. Bd3 Bd7 7. O-O cxd4 8. cxd4
Nxd4 9. Nxd4 Qxd4 10. Re1 Qb6 11. Re2 Ne7 12. Na3 a6 13. Be3 Qd8 14. Bd4 Nc6
15. Bc2 Be7 16. Re3 b6 17. Rh3 h6 18. Qf3 Nxd4 19. Qg4 Nxc2 20. Qxg7 Rf8 21.
Nxc2 Bg5 22. g3 Qc7 23. Na3 O-O-O 24. f4 Bxf4 25. gxf4 Rg8 26. Qxg8 Rxg8+ 27.
Kh1 Bc6 28. Rxh6 d4# 0-1

[Event "Junior Online 4NCL Division 2"]
[Site "online"]
[Date "2020.05.28"]
[Round "7.64"]
[White "Hackett, William"]
[Black "Bagga, Khushi"]
[Result "1-0"]
[WhiteElo "1530"]
[BlackElo "1059"]
[PlyCount "71"]
[EventDate "2020.05.28"]
[WhiteTeam "A6 and Chill"]
[BlackTeam "TSK Tigers A"]

1. d4 d5 2. Bf4 Nf6 3. e3 e6 4. Bd3 c5 5. c3 Nc6 6. Nf3 Be7 7. O-O c4 8. Bc2
O-O 9. Nbd2 h6 10. e4 Bd6 11. e5 Be7 12. exf6 Bxf6 13. Re1 Re8 14. Ne5 Bd7 15.
Nxd7 Qxd7 16. Nf3 Rad8 17. Ne5 Nxe5 18. Bxe5 Bxe5 19. Rxe5 Qc7 20. Qe2 Qd6 21.
Rf1 f6 22. Re3 e5 23. dxe5 fxe5 24. Rd1 Qc7 25. Qh5 Qd6 26. Rde1 e4 27. Rd1 Re5
28. Qe2 Qc6 29. Bxe4 Qe8 30. Bf3 Rxe3 31. Qxe3 Qc6 32. Qe5 Qb6 33. Rxd5 Qxb2
34. Rxd8+ Kh7 35. Qf5+ g6 36. Qf7# 1-0

[Event "Junior Online 4NCL Division 2"]
[Site "online"]
[Date "2020.05.28"]
[Round "7.65"]
[White "Collins, Adam"]
[Black "Petkov, Anton"]
[Result "1-0"]
[WhiteElo "1760"]
[BlackElo "1793"]
[PlyCount "59"]
[EventDate "2020.05.28"]
[WhiteTeam "A6 and Chill"]
[BlackTeam "TSK Tigers A"]

1. d4 Nf6 2. c4 e5 3. dxe5 Ng4 4. Nf3 Bc5 5. e3 Nc6 6. Nc3 O-O 7. Bd2 Re8 8.
Be2 Ngxe5 9. Nxe5 Nxe5 10. O-O d6 11. a3 a5 12. Kh1 Qh4 13. Nd5 Qd8 14. b4 Ba7
15. Bc3 c6 16. Nf4 Bf5 17. Qb3 Qc7 18. Rfd1 Bb6 19. Qb2 Rad8 20. c5 dxc5 21.
Rxd8 Qxd8 22. Bxe5 cxb4 23. axb4 axb4 24. Bxg7 Qg5 25. Nh5 Bd8 26. Bf6 Qg6 27.
Bxd8 Rxd8 28. Nf6+ Kg7 29. Nd5+ Kg8 30. Ne7+ 1-0

[Event "Junior Online 4NCL Division 2"]
[Site "online"]
[Date "2020.05.28"]
[Round "7.66"]
[White "Wu, Yuxuan"]
[Black "O'cuilleanain, Oisin"]
[Result "0-1"]
[WhiteElo "1523"]
[BlackElo "1660"]
[PlyCount "58"]
[EventDate "2020.05.28"]
[WhiteTeam "TSK Tigers A"]
[BlackTeam "A6 and Chill"]

1. d4 Nf6 2. c4 g6 3. Nc3 Bg7 4. e4 d6 5. f4 O-O 6. Nf3 c5 7. d5 e6 8. dxe6
Bxe6 9. Bd3 Qa5 10. Bd2 Qb4 11. Nd5 Qxb2 12. Nc7 Ne8 13. Nxa8 Qxa1 14. O-O Qxd1
15. Rxd1 Na6 16. f5 Bd7 17. Bg5 Nf6 18. Bxf6 Bxf6 19. e5 dxe5 20. Be4 Bc6 21.
Bxc6 bxc6 22. Rd6 Kg7 23. g4 e4 24. Rxc6 Nb4 25. Rxc5 Rxa8 26. Rb5 exf3 27.
Rxb4 Bd4+ 28. Kf1 f2 29. Rb3 Re8 0-1

[Event "Junior Online 4NCL Division 2"]
[Site "online"]
[Date "2020.05.28"]
[Round "7.67"]
[White "Avetisyan, Gagik"]
[Black "Swamy, Anshul"]
[Result "1-0"]
[WhiteElo "1553"]
[BlackElo "1472"]
[PlyCount "73"]
[EventDate "2020.05.28"]
[WhiteTeam "A6 and Chill"]
[BlackTeam "TSK Tigers A"]

1. d4 d5 2. c4 e6 3. Nf3 c5 4. e3 Nc6 5. Nc3 Nf6 6. Be2 Be7 7. O-O O-O 8. b3
cxd4 9. Nxd4 Nxd4 10. Qxd4 dxc4 11. Qxd8 Rxd8 12. Bxc4 Bb4 13. Nb5 a6 14. Nd4
Bc3 15. Rb1 e5 16. Nf3 Bf5 17. Bb2 Bxb1 18. Bxc3 Bd3 19. Nxe5 Bxc4 20. Nxc4
Rac8 21. Ba5 Re8 22. Nd6 Re5 23. Nxc8 Rxa5 24. Rd1 h6 25. a4 b5 26. Ne7+ Kh7
27. Nc6 bxa4 28. Nxa5 a3 29. Ra1 Ne4 30. Rxa3 Nd2 31. Nc4 Nxc4 32. bxc4 Kg6 33.
Rxa6+ Kf5 34. Kf1 Ke5 35. Ke2 Ke4 36. Ra5 f5 37. f3# 1-0

[Event "Junior Online 4NCL Division 2"]
[Site "online"]
[Date "2020.05.28"]
[Round "7.68"]
[White "Bagga, Khushi"]
[Black "Hackett, William"]
[Result "0-1"]
[WhiteElo "1059"]
[BlackElo "1530"]
[PlyCount "84"]
[EventDate "2020.05.28"]
[WhiteTeam "TSK Tigers A"]
[BlackTeam "A6 and Chill"]

1. e4 c6 2. d4 d5 3. Nc3 dxe4 4. Nxe4 Bf5 5. Nc3 e6 6. Nf3 Nd7 7. Bd3 Bxd3 8.
Qxd3 Ngf6 9. O-O Bd6 10. Bg5 O-O 11. Ne5 Nxe5 12. dxe5 Bxe5 13. Qxd8 Rfxd8 14.
Rfe1 Bxc3 15. bxc3 Rd5 16. Bxf6 gxf6 17. Rab1 b6 18. h3 Rad8 19. Kh2 Rd2 20.
Rf1 Rxc2 21. c4 Rxc4 22. Rb3 Rc2 23. a3 c5 24. Rf3 f5 25. Rf4 Kg7 26. Ra4 a5
27. f3 Rdd2 28. Rg1 Kf6 29. Kg3 e5 30. f4 e4 31. h4 Rd3+ 32. Kh2 Rcc3 33. g3
Rxa3 34. Rxa3 Rxa3 35. Rb1 e3 36. Kg2 Ra2+ 37. Kf3 e2 38. Re1 Ke6 39. Ke3 Kd5
40. Kd3 b5 41. Kc3 c4 42. h5 b4# 0-1

[Event "Junior Online 4NCL Division 2"]
[Site "online"]
[Date "2020.05.28"]
[Round "7.71"]
[White "Dicen, Imogen"]
[Black "Sturge, Sam"]
[Result "1-0"]
[WhiteElo "1847"]
[BlackElo "1660"]
[PlyCount "65"]
[EventDate "2020.05.28"]
[WhiteTeam "Warwickshire Bears A"]
[BlackTeam "Surbiton Juniors A"]

1. d4 e6 2. c4 d5 3. Nc3 Bb4 4. Bf4 Nf6 5. Nf3 c6 6. e3 Ne4 7. Qc2 O-O 8. Bd3
Qa5 9. Bxe4 dxe4 10. Nd2 f5 11. O-O Bxc3 12. bxc3 Nd7 13. f3 exf3 14. Nxf3 Nb6
15. Ne5 Qa6 16. c5 Nd5 17. Rac1 Rd8 18. Bg5 Rf8 19. Qd2 h6 20. Bh4 g5 21. Bg3
b6 22. c4 Ne7 23. h4 bxc5 24. hxg5 hxg5 25. dxc5 Bb7 26. Qd7 Nc8 27. Qxe6+ Kh7
28. Qg6+ Kh8 29. Qh6+ Kg8 30. Ng6 Rf6 31. Be5 Re6 32. Rxf5 Rxg6 33. Qh8# 1-0

[Event "Junior Online 4NCL Division 2"]
[Site "online"]
[Date "2020.05.28"]
[Round "7.72"]
[White "Jonikas, Augustas"]
[Black "Chen, Daniel Xingyu"]
[Result "0-1"]
[WhiteElo "1540"]
[BlackElo "1750"]
[PlyCount "37"]
[EventDate "2020.05.28"]
[WhiteTeam "Surbiton Juniors A"]
[BlackTeam "Warwickshire Bears A"]

1. c4 e5 2. Nc3 Nc6 3. d3 g6 4. Bd2 Bg7 5. a3 f5 6. e3 d6 7. b4 Nf6 8. g3 O-O
9. Bg2 Bd7 10. Nge2 e4 11. dxe4 fxe4 12. Nxe4 Nxe4 13. Bxe4 Bxa1 14. Qxa1 Qe7
15. Bd5+ Be6 16. Nf4 Bxd5 17. Nxd5 Qe4 18. Ke2 Ne5 19. Qc3 0-1